Functional programming and input/output / (Record no. 11417)
[ view plain ]
| 000 -LEADER | |
|---|---|
| fixed length control field | 01347pam a2200301 a 4500 |
| 001 - CONTROL NUMBER | |
| control field | 4433573 |
| 005 - DATE AND TIME OF LATEST TRANSACTION | |
| control field | 20020828201440.0 |
| 008 - FIXED-LENGTH DATA ELEMENTS--GENERAL INFORMATION | |
| fixed length control field | 940615s1994 enk b 001 0 eng |
| 010 ## - LIBRARY OF CONGRESS CONTROL NUMBER | |
| LC control number | 94026403 |
| 020 ## - INTERNATIONAL STANDARD BOOK NUMBER | |
| International Standard Book Number | 0521471036 (hardback) |
| 040 ## - CATALOGING SOURCE | |
| Original cataloging agency | DLC |
| Transcribing agency | DLC |
| Modifying agency | DLC |
| 050 00 - LIBRARY OF CONGRESS CALL NUMBER | |
| Classification number | QA76.62 |
| Item number | .G67 1994 |
| 082 00 - DEWEY DECIMAL CLASSIFICATION NUMBER | |
| Classification number | 005.711 |
| Edition number | 20 |
| Item number | GOR |
| 100 1# - MAIN ENTRY--PERSONAL NAME | |
| Personal name | Gordon, Andrew D. |
| 9 (RLIN) | 4195 |
| 245 10 - TITLE STATEMENT | |
| Title | Functional programming and input/output / |
| Statement of responsibility, etc | Andrew D. Gordon. |
| 260 ## - PUBLICATION, DISTRIBUTION, ETC. (IMPRINT) | |
| Place of publication, distribution, etc | Cambridge [England] ; |
| -- | New York : |
| Name of publisher, distributor, etc | Cambridge University Press, |
| Date of publication, distribution, etc | c.1994. |
| 300 ## - PHYSICAL DESCRIPTION | |
| Extent | xv, 155 p. ; |
| Dimensions | 26 cm. |
| 440 #0 - | |
| -- | Distinguished dissertations in computer science |
| -- | 4196 |
| 500 ## - GENERAL NOTE | |
| General note | Including index. |
| 504 ## - BIBLIOGRAPHY, ETC. NOTE | |
| Bibliography, etc | Includes bibliographical references (p. 137-147) and indexes. |
| 650 #0 - SUBJECT ADDED ENTRY--TOPICAL TERM | |
| Topical term or geographic name as entry element | Functional programming (Computer science) |
| 9 (RLIN) | 4197 |
| 650 #0 - SUBJECT ADDED ENTRY--TOPICAL TERM | |
| Topical term or geographic name as entry element | Computer input-output equipment. |
| 9 (RLIN) | 4198 |
| 856 42 - ELECTRONIC LOCATION AND ACCESS | |
| Materials specified | Publisher description |
| Uniform Resource Identifier | <a href="http://www.loc.gov/catdir/description/cam026/94026403.html">http://www.loc.gov/catdir/description/cam026/94026403.html</a> |
| 856 41 - ELECTRONIC LOCATION AND ACCESS | |
| Materials specified | Table of contents |
| Uniform Resource Identifier | <a href="http://www.loc.gov/catdir/toc/cam029/94026403.html">http://www.loc.gov/catdir/toc/cam029/94026403.html</a> |
| 942 ## - ADDED ENTRY ELEMENTS (KOHA) | |
| Source of classification or shelving scheme | Dewey Decimal Classification |
| Item type | Book - Borrowing |
| Withdrawn status | Item status | Source of classification or shelving scheme | Damaged status | Not for loan | Vendor | Home library | Current library | Shelving location | Date acquired | Source of acquisition | Cost, normal purchase price | Serial Enumeration / chronology | Total Checkouts | Full call number | Barcode | Date last seen | Koha item type |
|---|---|---|---|---|---|---|---|---|---|---|---|---|---|---|---|---|---|
| Dewey Decimal Classification | Baccah | Central Library | Central Library | Lower Floor | 26/04/2009 | 208.00 | 7117 | 005.711 GOR | 000015954 | 15/07/2025 | Book - Borrowing |